000
00334 a2200157 4500
001
167184
020
_a
040
_c
Magnum
100
_a
Garcia, Regina Leite (Org.)
240
1
0
_a
Revisitando a pre-escola
_l
por
245
1
0
_a
Revisitando a pre-escola
362
0
_a
1899
440
1
_a
Cortez
697
_a
ENSINO
942
_c
BK
999
_c
167184
_d
167184